| 000 | 00000nam 2200000zi 4500 |
| 001 | 9.954841 |
| 003 | CaOODSP |
| 005 | 20251016162937 |
| 006 | m o d f |
| 007 | cr cn||||||||| |
| 008 | 250904e202509##oncbdo ob f000 0 iku d |
| 020 | |a9780660787992 |
| 040 | |aCaOODSP|beng|erda|cCaOODSP |
| 043 | |an-cn--- |
| 086 | 1 |aFs70-6/2025-038Iku-PDF |
| 245 | 00|a[Stock assessment of Belcher Islands-eastern Hudson Bay and James Bay beluga (Delphinapterus leucas) in 2024]. |
| 250 | |a[Inuktitut edition]. |
| 264 | 1|a[Ottawa] : |b[Canadian Science Advisory Secretariat], |cseptember 2025. |
| 264 | 4|c©2025 |
| 300 | |a1 online resource (17 pages) : |bmaps, graphs, photographs. |
| 336 | |atext|btxt|2rdacontent |
| 337 | |acomputer|bc|2rdamedia |
| 338 | |aonline resource|bcr|2rdacarrier |
| 490 | 1 |a[Science advisory report] ; |v2023/038 |
| 500 | |aEnglish title supplied by the publisher. |
| 500 | |aIssued also in English under title: Stock assessment of Belcher Islands-eastern Hudson Bay and James Bay beluga (Delphinapterus leucas) in 2024. |
| 504 | |aIncludes bibliographical references (page 16). |
| 546 | |aText in Inuktitut. |
| 650 | 0|aWhite whale hunting|zHudson Bay. |
| 650 | 0|aWhite whale hunting|zNunavut|zJames Bay. |
| 710 | 2 |aCanadian Science Advisory Secretariat, |eissuing body. |
| 775 | 08|tStock assessment of Belcher Islands-eastern Hudson Bay and James Bay beluga (Delphinapterus leucas) in 2024.|w(CaOODSP)9.954442 |
| 788 | |t[Évaluation du stock de béluga (Delphinapterus leucas) dans les Îles Belcher-Est de la baie d’Hudson et à la baie James en 2024].|efre|w(CaOODSP)9.956423 |
| 830 | #0|aScience advisory report (Canadian Science Advisory Secretariat)|v2023/038.|w(CaOODSP)9.500673 |
| 856 | 40|qPDF|s1.46 MB|uhttps://publications.gc.ca/collections/collection_2025/mpo-dfo/fs70-6/Fs70-6-2025-038-iku.pdf |